[Event "EU-ch Seniors 11th"]
[Site "Courmayeur"]
[Date "2011.04.07"]
[Round "2"]
[White "Smits, Oswald"]
[Black "Brugnolo, Paolo"]
[Result "1-0"]
[WhiteElo "1870"]
[BlackElo "1498"]
[PlyCount "113"]
[EventDate "2011.04.06"]
[EventType "swiss"]
[EventRounds "9"]
[EventCountry "ITA"]
[SourceTitle "CBM 141 Extra"]
[Source "ChessBase"]
[SourceDate "2011.05.03"]
[SourceVersion "1"]
[SourceVersionDate "2011.05.03"]
[SourceQuality "1"]

1. d4 d5 2. Nf3 Nf6 3. e3 e6 4. Bd3 c5 5. c3 cxd4 6. exd4 Be7 7. 0-0 0-0 8. Bg5 Nbd7 9. Qc2 h6 10. Bh4 Ne4 11. Bxe7 Qxe7 12. Bxe4 dxe4 13. Qxe4 Nf6 14. Qe2 Bd7 15. Ne5 Be8 16. Nd2 a6 17. Rfe1 Bb5 18. Qf3 Nh7 19. Qe3 Be8 20. Ndf3 Nf6 21. Rad1 Ba4 22. b3 Be8 23. c4 Qa3 24. Rd2 Qb4 25. Nd3 Qb6 26. Nde5 Qc7 27. h3 b5 28. Rc2 Qb7 29. Nd3 bxc4 30. bxc4 Rc8 31. Nc5 Qa7 32. Qa3 Rc6 33. Rb2 Rd6 34. Reb1 Bc6 35. Rb6 Rfd8 36. Rxa6 Qc7 37. Ra7 Qc8 38. Nb7 Bxb7 39. Rbxb7 Ne8 40. c5 Rd5 41. Rxf7 Qc6 42. Ra6 Qc8 43. Rf4 Qb8 44. Re4 Qb1+ 45. Re1 Qb7 46. Raxe6 Ra8 47. Rxe8+ Rxe8 48. Rxe8+ Kf7 49. Re1 Qc6 50. Qa7+ Kg8 51. Qb8+ Kh7 52. Re8 Qa4 53. Rh8+ Kg6 54. Qg3+ Kf5 55. Qg4+ Kf6 56. Rf8+ Ke7 57. Qxg7+ 1-0

[Event "ITA-ch Seniors 32nd"]
[Site "Arvier"]
[Date "2010.04.18"]
[Round "1"]
[White "Brugnolo, Paolo"]
[Black "Diena, Giovanni"]
[Result "0-1"]
[WhiteElo "1501"]
[BlackElo "1837"]
[PlyCount "120"]
[EventDate "2010.04.18"]
[EventType "swiss"]
[EventRounds "9"]
[EventCountry "ITA"]
[SourceTitle "EXT 2024"]
[Source "ChessBase"]
[SourceDate "2023.10.10"]
[SourceVersion "1"]
[SourceVersionDate "2023.10.10"]
[SourceQuality "1"]

1. e4 e5 2. Nf3 Nc6 3. Nc3 Nf6 4. Be2 Be7 5. d4 Nxd4 6. Nxd4 exd4 7. Qxd4 d6 8. 0-0 0-0 9. Bf4 Bd7 10. Bg3 Re8 11. e5 dxe5 12. Qxe5 Bd6 13. Qg5 Bxg3 14. Qxg3 c6 15. Rfe1 Qb6 16. Rab1 Rad8 17. h4 Qa5 18. Qh2 Bf5 19. Rbc1 h6 20. Qg3 Bg6 21. Bd3 Bxd3 22. Rxe8+ Rxe8 23. Qxd3 Qb4 24. g3 Qg4 25. Qf1 Nh5 26. Qg2 Qb4 27. Qf3 Nf6 28. Rb1 Re6 29. Qd3 Qe7 30. Qc4 b5 31. Qf4 b4 32. Qb8+ Kh7 33. Na4 Re1+ 34. Rxe1 Qxe1+ 35. Kg2 Qe4+ 36. Kg1 Qd4 37. c3 Qd1+ 38. Kg2 Qxa4 39. Qxb4 Qxb4 40. cxb4 Kg6 41. Kf3 Kf5 42. a3 Ke5 43. Ke3 Kd5 44. Kd3 Ne4 45. Ke3 a6 46. a4 Nd6 47. b3 Ne4 48. g4 Nc3 49. Kd3 Na2 50. b5 cxb5 51. axb5 axb5 52. Kc2 b4 53. Kd3 Ke5 54. Ke3 Nc1 55. f4+ Kd5 56. g5 Nxb3 57. gxh6 gxh6 58. Kf3 Nd4+ 59. Kg4 Ke4 60. Kh5 Nf5 0-1